| 000 | 01139nam a22004330a 4500 | ||
|---|---|---|---|
| 001 | PT39415 | ||
| 003 | AR-LpoUNG | ||
| 005 | 20241226090834.0 | ||
| 008 | 191001s1987||||ag |||||||||||||||||spa d | ||
| 040 |
_aAR-LpoUNG _bspa _cAR-LpoUNG _eaacr |
||
| 041 | 0 | _aspa | |
| 044 | _aag | ||
| 082 | 0 | _a982.066 779teo | |
| 100 | 1 | _aDri, Rubén R. | |
| 245 | 1 | 0 | _aTeología y dominación |
| 250 | _a1ra. ed. | ||
| 260 |
_aBuenos Aires : _bRoblanco, _c1987. |
||
| 300 |
_a452 p. : _bil., diagrs., mapas, gráfs. |
||
| 650 | 4 | _aARGENTINA | |
| 650 | 4 | _aAUTORITARISMO | |
| 650 | 4 | _aCRISTIANISMO | |
| 650 | 4 | _aDEMOCRACIA | |
| 650 | 4 | _aDERECHOS HUMANOS | |
| 650 | 4 | _aDICTADURA | |
| 650 | 4 | _aFILOSOFIA | |
| 650 | 4 | _aGOBIERNO MILITAR | |
| 650 | 4 | _aHISTORIA | |
| 650 | 4 | _aIDEOLOGIAS | |
| 650 | 4 | _aIGLESIA CATOLICA | |
| 650 | 4 | _aRELIGION | |
| 650 | 4 | _aSOCIEDAD CIVIL | |
| 653 | 0 | _aABUELAS DE PLAZA DE MAYO | |
| 653 | 0 | _aMADRES DE PLAZA DE MAYO | |
| 653 | 0 | _aCENTROS CLANDESTINOS DE DETENCION | |
| 653 | 0 | _aDOCTRINA DE LA SEGURIDAD NACIONAL | |
| 653 | 0 | _aTEOLOGIA DE LA LIBERACION | |
| 905 | _a39415 | ||
| 942 |
_cLIB _2ddc |
||
| 999 |
_c5011 _d5011 |
||